les meilleurs club de rugby en isère - Statistiques

Statistiques générales
  • Ce quiz a été pris 37 fois
  • Le résultat moyen est 6 sur 14
Statistiques - réponses
division club % Correct
pro D2 Grenoble
100%
Nationale Bourgoin-Jallieu
74%
Fédérale 2 Voiron
67%
Nationale 2 Vienne
59%
Fédérale 2 La tour du pin
52%
Fédérale 2 Vinay
44%
Fédérale 3 Saint marcellin
37%
Fédérale 3 Seyssins
37%
Fédérale 2 Saint jean de bournay
30%
Fédérale 3 Beaurepaire
22%
Fédérale 3 Saint savin
19%
Fédérale 2 Saint etienne de saint geoirs
15%
Fédérale 3 L'Isle-d'Abeau
7%
Fédérale 3 Rives Renage
4%
Aucun quiz correspondant
Distribution des résultats
% des personnes avec chaque résultat
Percentile par nombre de réponses
Votre historique - résultats
Vous n’avez pas pris ce quiz